| 000 | 00411cam a22001457a 4500 | ||
|---|---|---|---|
| 008 | 180718b1981 xxu||||| |||| 00| 0 eng d | ||
| 082 | _aK P886 | ||
| 100 | _aPrasad, Lallan | ||
| 245 |
_aManagement of human resources _cby Lallan Prasad and A.M. Banerjee |
||
| 260 |
_aNew Delhi _bSterling _c1981 |
||
| 300 | _a197p. | ||
| 650 | _aManpower planning | ||
| 650 | _aPersonnel management | ||
| 700 | _aBanerjee, A.M. | ||
| 999 |
_c351667 _d351667 |
||